00972nac a22002651u 4500008004100000010001300041020001600054020002500070020002500095020002000120082002200140245008000162250001200242260003700254300003500291500002000326650002800346650003500374650003800409651001000447700006400457942002500521999001300546952014700559100908t1997 xxu|||||r|||| 00| 0 eng d a96042905 a0070053669  a0079130348 (Mac set) a0079126375 (IBM set) a0070054193 (SM)00a620.1054bVEC22210aVector Mechanics for Engineers. Dynamics /cFerdinand P. Beer ... [et al.]. a6th ed. aBoston :bWCB McGraw-Hill,c1997 a1314 p. :bcol. ill. ;c26 cm. aIncludes index. 0aDynamics.9187692BUEsh 0aVector analysis.9187702BUEsh 0aMechanics, Applied.9187712BUEsh 2BUEsh1 aBeer, Ferdinand P. q(Ferdinand Pierre),d1915-2003.912477 cBBk620.1054VEC2ddc c809d809 00102ddc40708 aMAINbMAINc1STd2010-09-08epurchaseg165.00l3m11o620.1054 VECp000003748r2025-07-15 00:00:00s2016-02-25v206.25yBB